Countries Closest to Iceland - Statistics

General Stats
  • This quiz has been taken 72,769 times
    69,975 since last reset
  • The average score is 18 of 20
Answer Stats
km country miles % Correct
284 Denmark (Greenland) 176
99%
784 United Kingdom 487
99%
539 Norway (Jan Mayen) 335
98%
1238 Sweden 769
98%
1771 France 1100
97%
1072 Ireland 666
97%
1491 Finland 926
96%
1630 Germany 1013
95%
1655 Netherlands 1028
94%
1777 Belgium 1104
93%
1637 Canada 1017
93%
1800 Russia 1119
93%
2286 Spain 1420
92%
1967 Poland 1222
89%
1987 Luxembourg 1235
87%
1945 Estonia 1209
83%
2022 Latvia 1257
83%
2100 Lithuania 1305
82%
2285 Switzerland 1420
82%
2202 Czechia 1368
69%
No matching quizzes found
Score Distribution
Percent of People with Each Score
Percentile by Number Answered
Your Score History
You have not taken this quiz since the last reset